<?xml version="1.0" encoding="UTF-8"?>
<record
    xmlns:xsi="http://www.w3.org/2001/XMLSchema-instance"
    xsi:schemaLocation="http://www.loc.gov/MARC21/slim http://www.loc.gov/standards/marcxml/schema/MARC21slim.xsd"
    xmlns="http://www.loc.gov/MARC21/slim">

  <leader>01111nam a2200373 u 4500</leader>
  <controlfield tag="001">92890</controlfield>
  <controlfield tag="005">20260509101031.0</controlfield>
  <controlfield tag="008">960508s1996                        spa  </controlfield>
  <datafield tag="020" ind1=" " ind2=" ">
    <subfield code="a">8474325587</subfield>
  </datafield>
  <datafield tag="035" ind1=" " ind2=" ">
    <subfield code="a">92890</subfield>
  </datafield>
  <datafield tag="035" ind1=" " ind2=" ">
    <subfield code="a">(OCoLC)34840886</subfield>
  </datafield>
  <datafield tag="040" ind1=" " ind2=" ">
    <subfield code="c">comduadb</subfield>
  </datafield>
  <datafield tag="041" ind1=" " ind2=" ">
    <subfield code="a">spa</subfield>
  </datafield>
  <datafield tag="080" ind1=" " ind2=" ">
    <subfield code="a">WA</subfield>
  </datafield>
  <datafield tag="080" ind1=" " ind2=" ">
    <subfield code="a">R</subfield>
  </datafield>
  <datafield tag="082" ind1=" " ind2="4">
    <subfield code="a">610</subfield>
  </datafield>
  <datafield tag="100" ind1="1" ind2="0">
    <subfield code="a">Gadamer, Hans-Georg,</subfield>
    <subfield code="d">1900-2002</subfield>
    <subfield code="4">aut</subfield>
    <subfield code="0">(isni)0000000121468698</subfield>
    <subfield code="0">(viaf)108229357</subfield>
    <subfield code="e">aut</subfield>
    <subfield code="9">279767</subfield>
  </datafield>
  <datafield tag="245" ind1="1" ind2="0">
    <subfield code="a">El estado oculto de la salud</subfield>
  </datafield>
  <datafield tag="250" ind1=" " ind2=" ">
    <subfield code="a">1.ed.</subfield>
  </datafield>
  <datafield tag="260" ind1=" " ind2=" ">
    <subfield code="a">Barcelona :</subfield>
    <subfield code="b">Editorial Gedisa,</subfield>
    <subfield code="c">1996.</subfield>
  </datafield>
  <datafield tag="300" ind1=" " ind2=" ">
    <subfield code="a">190 p&#xE1;ginas</subfield>
  </datafield>
  <datafield tag="500" ind1=" " ind2=" ">
    <subfield code="a">Compra:Libreria Continental:may./96.</subfield>
  </datafield>
  <datafield tag="600" ind1="1" ind2="4">
    <subfield code="a">Gadamer, Hans-Georg,</subfield>
    <subfield code="d">1900-2002</subfield>
    <subfield code="9">279767</subfield>
  </datafield>
  <datafield tag="650" ind1=" " ind2=" ">
    <subfield code="a">Hermen&#xE9;utica filos&#xF3;fica</subfield>
    <subfield code="9">32125</subfield>
  </datafield>
  <datafield tag="650" ind1=" " ind2=" ">
    <subfield code="a">Filosofia de la medicina</subfield>
    <subfield code="9">45631</subfield>
  </datafield>
  <datafield tag="650" ind1=" " ind2="7">
    <subfield code="a">Salud</subfield>
    <subfield code="2">lemb</subfield>
    <subfield code="9">952</subfield>
  </datafield>
  <datafield tag="650" ind1=" " ind2="7">
    <subfield code="a">Medicina social</subfield>
    <subfield code="2">lemb</subfield>
    <subfield code="9">10120</subfield>
  </datafield>
  <datafield tag="650" ind1=" " ind2="7">
    <subfield code="a">Muerte</subfield>
    <subfield code="2">lemb</subfield>
    <subfield code="9">29798</subfield>
  </datafield>
  <datafield tag="650" ind1=" " ind2="7">
    <subfield code="a">Cuerpo humano</subfield>
    <subfield code="2">embne</subfield>
    <subfield code="9">23535</subfield>
  </datafield>
  <datafield tag="650" ind1=" " ind2=" ">
    <subfield code="a">Aspectos psicol&#xF3;gicos</subfield>
    <subfield code="9">32825</subfield>
  </datafield>
  <datafield tag="650" ind1=" " ind2=" ">
    <subfield code="a">Sociolog&#xED;a m&#xE9;dica</subfield>
    <subfield code="9">17000</subfield>
  </datafield>
  <datafield tag="650" ind1=" " ind2="7">
    <subfield code="a">Ansiedad</subfield>
    <subfield code="2">lemb</subfield>
    <subfield code="9">29167</subfield>
  </datafield>
  <datafield tag="942" ind1=" " ind2=" ">
    <subfield code="c">BOOK</subfield>
  </datafield>
  <datafield tag="999" ind1=" " ind2=" ">
    <subfield code="c">90743</subfield>
    <subfield code="d">90743</subfield>
  </datafield>
  <datafield tag="952" ind1=" " ind2=" ">
    <subfield code="0">0</subfield>
    <subfield code="1">0</subfield>
    <subfield code="2">ddc</subfield>
    <subfield code="4">0</subfield>
    <subfield code="7">0</subfield>
    <subfield code="8">GEN</subfield>
    <subfield code="a">BC</subfield>
    <subfield code="b">BC</subfield>
    <subfield code="d">1996-06-14</subfield>
    <subfield code="i">C148241</subfield>
    <subfield code="l">1</subfield>
    <subfield code="m">1</subfield>
    <subfield code="o">610.1 G123e</subfield>
    <subfield code="p">0714685</subfield>
    <subfield code="r">2023-10-23 00:00:00</subfield>
    <subfield code="s">2023-08-28</subfield>
    <subfield code="t">1</subfield>
    <subfield code="w">2023-04-22</subfield>
    <subfield code="y">BOOK</subfield>
  </datafield>
  <datafield tag="952" ind1=" " ind2=" ">
    <subfield code="0">0</subfield>
    <subfield code="1">0</subfield>
    <subfield code="4">0</subfield>
    <subfield code="7">0</subfield>
    <subfield code="8">GEN</subfield>
    <subfield code="a">BC</subfield>
    <subfield code="b">BC</subfield>
    <subfield code="d">1997-07-03</subfield>
    <subfield code="i">C148242</subfield>
    <subfield code="l">2</subfield>
    <subfield code="o">610.1 G123e e2</subfield>
    <subfield code="p">61000000253589</subfield>
    <subfield code="q">2025-03-07</subfield>
    <subfield code="r">2025-02-05 00:00:00</subfield>
    <subfield code="s">2025-02-05</subfield>
    <subfield code="t">2</subfield>
    <subfield code="w">2023-04-22</subfield>
    <subfield code="y">BOOK</subfield>
  </datafield>
  <datafield tag="952" ind1=" " ind2=" ">
    <subfield code="0">0</subfield>
    <subfield code="1">0</subfield>
    <subfield code="4">0</subfield>
    <subfield code="7">0</subfield>
    <subfield code="8">SEMIACTIVA</subfield>
    <subfield code="a">BC</subfield>
    <subfield code="b">BC</subfield>
    <subfield code="d">1997-09-15</subfield>
    <subfield code="i">C194138</subfield>
    <subfield code="l">0</subfield>
    <subfield code="o">610.1 G123e e3</subfield>
    <subfield code="p">61000001556030</subfield>
    <subfield code="r">2023-04-22 00:00:00</subfield>
    <subfield code="t">3</subfield>
    <subfield code="w">2023-04-22</subfield>
    <subfield code="y">BOOK</subfield>
  </datafield>
  <datafield tag="952" ind1=" " ind2=" ">
    <subfield code="0">0</subfield>
    <subfield code="1">0</subfield>
    <subfield code="4">0</subfield>
    <subfield code="7">0</subfield>
    <subfield code="8">GENERAL</subfield>
    <subfield code="a">BSP</subfield>
    <subfield code="b">BSP</subfield>
    <subfield code="d">1999-06-17</subfield>
    <subfield code="g">23400.00</subfield>
    <subfield code="i">C529006</subfield>
    <subfield code="l">1</subfield>
    <subfield code="o">WA31 G3-96 e1</subfield>
    <subfield code="p">61000001862677</subfield>
    <subfield code="r">2024-09-13 00:00:00</subfield>
    <subfield code="s">2024-08-14</subfield>
    <subfield code="t">6</subfield>
    <subfield code="w">2023-04-22</subfield>
    <subfield code="y">BOOK</subfield>
  </datafield>
</record>
